000 00798nam a2200229 a 4500
005 20180803165158.0
008 140314b1999 wau|d|||r|||| 00| 0 spa d
040 _aCO-BoIAVH
_cCO-BoIAVH
041 0 _aspa
044 _axxu
082 0 4 _a354.3
_bC57a
245 0 0 _aCinco años despues de río :
_binnovaciones en las políticas ambientales /
260 _aWashington D.C. (EE.UU.) :
_bWorld Bank,
_c1999.
300 _a64 páginas :
_btablas ;
_c28 x 22 cm.
490 0 _aEnvironment department papers ;
_v73
504 _aIncluye referencias bibliográficas.
650 2 6 _aPolítica ambiental
_xAspectos económicos
650 2 6 _aEconomía ambiental
650 2 6 _aGestión ambiental
710 2 _aThe world bank
_bEnvironment Department
942 _cLIBRO
_2ddc
999 _c4306
_d4306